000 00462nam a2200181Ia 4500
001 10848
005 20260306161902.0
008 260306t1993||||xx |||||||||||||| ||spa||
041 _aESP
082 _a974.081
_bM26
100 _aMartínez Assad, Carlos
_eAUT
245 0 _aLos rebeldes vencidos:
_bCedillo contra el Estado cardenista
260 _c1993
300 _a952 páginas :
_c24 cm.
650 _aGEN
654 _aCHU
942 _cLIB
_dJUS
_fJUS
_2ddc
_n
999 _c10848
_d10848